书目信息 |
| 题名: |
环境设计色彩表现艺术
|
|
| 作者: | 程远 , 薛义 著 | |
| 分册: | ||
| 出版信息: | 天津 天津人民美术出版社 2005.6 |
|
| 页数: | 122页 | |
| 开本: | 29cm | |
| 丛书名: | 现代环境艺术设计丛书 | |
| 单 册: | ||
| 中图分类: | TU-856 | |
| 科图分类: | ||
| 主题词: | 环境设计--huan jing she ji--色彩学 , 色彩学--se cai xue , 环境设计--huan jing she ji | |
| 电子资源: | ||
| ISBN: | 7-5305-2885-8 | |
| 000 | 01236nam0 2200313 45 | |
| 001 | 012005000794 | |
| 005 | 20061115162823.00 | |
| 010 | @a7-5305-2885-8@dCNY56.00 | |
| 100 | @a20050716d2005 em y0chiy0121 ea | |
| 101 | 0 | @achi |
| 102 | @aCN@b120000 | |
| 105 | @aa a 000yy | |
| 200 | 1 | @a环境设计色彩表现艺术@Ahuan jing she ji se cai biao xian yi shu@f程远, 薛义著 |
| 210 | @a天津@c天津人民美术出版社@d2005.6 | |
| 215 | @a122页@c彩图@d29cm | |
| 225 | 2 | @a现代环境艺术设计丛书@Axian dai huan jing yi shu she ji cong shu@d= The art series of modern surroundings design@zeng |
| 314 | @a薛义, 南开大学文学院艺术设计系主任等, 合著有《环境设计色彩表现艺术》。 | |
| 314 | @a程远, 任教于清华大学建筑学院, 合著有《环境设计色彩表现艺术》。 | |
| 320 | @a有书目 (第122页) | |
| 330 | @a本书力图按环艺课程及实际工作需要分类、分项编写, 其中基础理论、设计方法、表现技巧与作品分析贯穿全书, 内容既独立成章又相互连贯。 | |
| 410 | 0 | @12001 @a现代环境艺术设计丛书 |
| 606 | 0 | @a环境设计@Ahuan jing she ji@x色彩学 |
| 606 | 0 | @a色彩学@Ase cai xue |
| 606 | 0 | @a环境设计@Ahuan jing she ji |
| 690 | @aTU-856@v4 | |
| 701 | 0 | @a程远@Acheng yuan@4著 |
| 701 | 0 | @a薛义@Axue yi@4著 |
| 801 | 0 | @aCN@c20061115 |
| 905 | @a10447@dTU-856@eC785 | |
| 环境设计色彩表现艺术/程远, 薛义著.-天津:天津人民美术出版社,2005.6 |
| 122页:彩图;29cm.-(现代环境艺术设计丛书= The art series of modern surroundings design) |
| ISBN 7-5305-2885-8:CNY56.00 |
| 本书力图按环艺课程及实际工作需要分类、分项编写, 其中基础理论、设计方法、表现技巧与作品分析贯穿全书, 内容既独立成章又相互连贯。 |
| ● |
| 相关链接 |
|
|
|
正题名:环境设计色彩表现艺术
索取号:TU-856/C785
 
预约/预借
| 序号 | 登录号 | 条形码 | 馆藏地/架位号 | 状态 | 备注 |
| 1 | 637832 | 206378329 | 建筑库101/101建筑库 17排1列3层/ [索取号:TU-856/C785] | 在馆 | |
| 2 | 637833 | 206378338 | 建筑库101/101建筑库 17排1列3层/ [索取号:TU-856/C785] | 在馆 |